Basic electronics for engineers

Contents: Symbols, physical constants; Basic Concepts; The Diode; Electronic circuit- analysic techniques; The Transistor; The Transistor used as a linear device; The vacuum tube.

Wedi'i Gadw mewn:
Manylion Llyfryddiaeth
Prif Awdur: Lueg, Russell E.
Fformat: Llyfr
Iaith:Undetermined
Cyhoeddwyd: Scranton, Pa. International Textbook Co 1963
Pynciau:
Tagiau: Ychwanegu Tag
Dim Tagiau, Byddwch y cyntaf i dagio'r cofnod hwn!
Thư viện lưu trữ: Trung tâm Học liệu Trường Đại học Cần Thơ
LEADER 00711nam a2200193Ia 4500
001 CTU_219197
008 210402s9999 xx 000 0 und d
082 |a 621.381 
082 |b L926 
100 |a Lueg, Russell E. 
245 0 |a Basic electronics for engineers 
245 0 |c Russel E. Lueg 
260 |a Scranton, Pa. 
260 |b International Textbook Co 
260 |c 1963 
520 |a Contents: Symbols, physical constants; Basic Concepts; The Diode; Electronic circuit- analysic techniques; The Transistor; The Transistor used as a linear device; The vacuum tube. 
650 |a Electronics,Điện tử 
904 |i Gia Linh,Hải 
980 |a Trung tâm Học liệu Trường Đại học Cần Thơ